Quizzes
Events
Quiz Creation
Community
Videos
Private Events
Remove Ads
Sign In
Join for FREE
Feedback
Dark Mode
Quiz Categories
Sports
Geography
Music
Movies
Television
Just For Fun
Miscellaneous
History
Literature
Language
Science
Gaming
Entertainment
Religion
Holiday
For Kids
Quiz Lab
Recent
Popular Today
Quiz Kudos Today
Editor Picks
Curator Picks
Quizzes by...
Day
Popularity
Type
Ratings
Length
Year
Community
Subscriptions
Recent Discussions
Orange Saloon
Badges
Playlists
Quests
Create
Leaderboards
Showdown
Live 5
Trivia Bingo
Activity
Puzzle Library
Sporcle Events
Private Events
Virtual Trivia
Globe League
Become a Host
Pub Owners
SporcleCon
Opinionation
Our Games
Videos
Blog
Mobile Apps
Partnerships
Remove Ads and Go Orange
Feedback
Movies
Disney
Marvel Cinematic Universe
Movie Resume
Movie Titles
Oscar
Actor
Actress
Director
Pixar
Role
Movie Quotes
Movie Characters
Box Office
Nominee
Best Picture
Star Wars
James Bond
Horror Movies
Movies
Disney
Marvel Cinematic Universe
Movie Resume
Movie Titles
Oscar
Actor
Actress
Director
Pixar
Role
Movie Quotes
Movie Characters
Box Office
Nominee
Best Picture
Star Wars
James Bond
Horror Movies
Random Quiz
Search Sporcle
×
Editor Pick
Editor Pick
Movies
War Movie
Type in answers that appear in a list
Type in answers that appear in a list
Classic
Best Score? Go Orange.
War Movie by Picture Stats
Can you name the War Movie by Picture?
By
istalkblink182
6m
35 Questions
4,280 Plays
4,280 Plays
4,280 Plays
Comments
Comments
Give Quiz Kudos
Give Quiz Kudos
-
- Ratings
hide this ad
Replay
Link that replays current quiz
Next Quiz
Link to next quiz in quiz playlist
You Got
0%
They Got
Avg Score
58%
Avg Friend Score
Upgrade to see
Score Distribution
Jump to the score distribution portion of the page
Score
0/35
Timer
06:00
0
Plays Today
Picture
Film
% Correct
11
300
93.8%
35
Braveheart
91.7%
14
Rambo
89.9%
1
Saving Private Ryan
83.2%
32
Tropic Thunder
82.7%
4
Star Wars
79.1%
2
Platoon
70.3%
22
Patton
70%
16
Full Metal Jacket
69.7%
23
Hotel Rwanda
68.8%
21
The Patriot
67.2%
12
The Lord of the Rings
67%
10
Forrest Gump
66.8%
13
The Hurt Locker
66.8%
5
Troy
65.2%
29
Lawrence of Arabia
64.6%
30
The Scorpion King
63.4%
9
Last of the Mohicans
62.2%
Picture
Film
% Correct
20
The Deer Hunter
56.6%
17
Black Hawk Down
56.3%
7
Apocalypse Now
55.9%
26
Jarhead
55.4%
24
Spartacus
53.9%
33
Pearl Harbor
53.6%
31
Dr. Strangelove or: How I Learned to Stop Worrying and Love the Bomb
49.1%
28
Inglourious Basterds
48.6%
8
Glory
47.6%
6
Bridge on the River Kwai
47.3%
27
Schindler's List
45%
34
Clash of the Titans
41.6%
3
All Quiet on the Western Front
33.9%
25
Kingdom of Heaven
31.9%
19
Letters from Iwo Jima
19.3%
15
A Bridge Too Far
17.6%
18
Michael Collins
16.8%
Quiz Playlist
Details
Report
Send in Message
Add To Playlist
Classic:
Type in answers that appear in a list
Last Updated: Jul 14, 2017
Editor Pick in
Movies
Quiz Scoreboard
CHALLENGE
Sign Up to Join the Scoreboard
Show All
Scores
Hide
Comments
May contain spoilers
Recently Published
An Introduction to Baseball
by treessimontrees
Sports
5m
Movies - When Are They Set?
by FPL_Elf
Movies
5m
Popular People in 1961
by mucciniale
History
6m
More to Explore
Quiz From the Vault
Featured Blog Post
Where Did the Easter Bunny Come From?
hide this ad
You Might Also Like...
Tags
Image Quiz
War Movie
Today's Top Quizzes in Movies
Browse Movies
hide this ad
Today's Top Quizzes in War Movie
Browse War Movie
Top Contributed Quizzes in Movies
1
Pick 5 Posters: Directed by Spielberg
2
Multi-Oscar Nominations, One Movie, One Winner
3
12 Movies about Fictional 1960s Events
4
One Thing in Common: Movies
5
Sunday Crossword: Film Score Composers
6
One Thing in Common: Movies II
7
Pick 5 Posters: Lowest-Rated Spielberg
8
Three Word 'H' Movies Match Up
9
Three Word 'T' Movies Match Up
10
7-to-1: Pixar Characters
Explore More
Trending Topics
Kpop
Crossword
Harry Potter
NBA
Marvel
Disney
Anime
Pokémon
The Office
Song
Soccer
WWE
Country
NFL
Puzzle
hide this ad
More By:
istalkblink182
Quiz
Plays
Rating
Category
Featured
Created
AFI's 100 Years 100 Movies (clickable)
4,512
4.27
Movies
Apr 19, 2012
Who Said The Greatest Lines?
1,882
4.05
Movies
Oct 28, 2010
Top 30 Comedies 2000's
1,361
2.62
Movies
Oct 21, 2010
'00s Best Pic. Nominees By Main Character
635
4.36
Movies
Apr 5, 2011
Actors' Highest Grossing Movies 2
570
3.67
Movies
Nov 2, 2010
Go to Creator's Profile
Score Distribution
Quiz Creator Spotlight
istalkblink182
Follow
Send a Message
Quizzes Created
-
Created Quiz Play Count
-
More By This Creator
Popular Quizzes Today
1
Find the Countries of Europe - No Outlines Minefield
2
Find the US States - No Outlines Minefield
3
The Countries of the World
4
Popular People in 1961
5
US States
6
Find the US States
7
1-10 Letter E Words III
8
Risky Map Clicking: Biggest States A-Z
More Movies Quizzes
50 Flicks to Click (1984)
Published
Trending Quizzes
Risky Map Clicking: Least Populous States A-Z
1-10 Letter F Words
1-10 Letter G Words
One Thing in Common: United Kingdom
Risky Map Clicking: Next State Alphabetically
Recently Updated
Leaping Animals
pecheneg
Reality TV Shows (A-Z)
bhenderson79
Rickey Henderson's Hall of Fame Teammates
pecheneg
Champions League XIs: Arsenal
pecheneg
Quick Pick: Celebrities in WWE's Hall of Fame
aduchscher
A-Z Keypad Blitz II
pecheneg
Multiple Oscar Actors
pecheneg
Mystery Phrase Blitz: Oscar 'Best Actors'
pecheneg
F. Scott Fitzgerald Novels
LTH
Pick 3 Villains
ddd62291
Trending Topics
Marvel
Disney
Harry Potter
Crossword
Kpop
NBA
Anime
NFL
Soccer
Country
WWE
The Office
Song
Puzzle
Pokémon
Your Account Isn't Verified!
In order to create a playlist on Sporcle, you need to verify the email address you used during registration. Go to your
Sporcle Settings
to finish the process.
Report this User
Report this user for behavior that violates our
Community Guidelines
.
Details:
Send Report
Go to the Sporcle.com Mobile Site →
Comments